Об образовании Керкинского округа в составе Туркменской ССР

Доступно только в Электронных читальных залах Найти на картеНа карте
RUSMARC
00004544nmc2a22003253x 450
0013d653db3-56ac-44d7-af4a-33f8971a9ff5
00520241209170853.0
100##$a20241113l19331933k y0rusy50 ca
1010#$arus
$amul
102##$aRU
105##$aab z |||||
1222#$ad19330208
$ad19330503
2001#$aОб образовании Керкинского округа в составе Туркменской ССР
$j08.02.1933 - 03.05.1933
215##$a22 листа
$cтабл., карт.
$d36,7 х 25,3
251##$cДело
300##$aЗаголовок дела на папке: Об образовании Керкинского округа в составе Турк. ССР
300##$aВ деле имеются телеграммы
300##$aЧасть текста на языках народов СССР
300##$aЧасть текста машинописная и рукописная, часть - напечатана типографским способом
461#0$1001RuPRLIB520124725
$12001
$aЦЕНТРАЛЬНЫЙ ИСПОЛНИТЕЛЬНЫЙ КОМИТЕТ СССР (ЦИК СССР).
$1251
$cФонд
$1852
$gР
$j3316
462#0$1001RuPRLIB520125304
$12001
$aДела Секретариата Президиума ЦИК Союза ССР. 1933 год
$vД. 586
$1251
$cОпись
$1852
$j26
5171#$aОб образовании Керкинского округа в составе Турк. ССР
605##$3DITM\AF\0000002775
$aВласть
$lколлекция
$2acquisition_prlib
607##$aКеркинский округ (Туркменская ССР)
6101#$aОбразование округа
686##$a63.3(2)61-332ю1
$cИстория
$2rubbk
686##$a67.400.6ю1
$cПраво
$2rubbk
801#0$aRU
$bGA_RF
801#1$aRU
$bГлавНИВЦ
$c20241113
$2rusmarc
801#2$aRU
$bПБ им. Б.Н. Ельцина
$c20241209
$gRCR
$2rusmarc
852##$aГА РФ
$j586
937##$d195198564
$hГАРФ
035##$aRuPRLIB51077614
856##$uhttp://readingroom.main.prlib.ru/item.aspx?id_node=n195198564&mode=full
Формат отображения